000 00483ntaaa2200193 4500
003 01
005 20251027202705.0
008 0714s1973 ag 01
040 _aAR-BaBN
_bspa
_cAR-BaBN
_eaacr
_dRIC
082 _a468.0000 AL7r
100 _aAlonso, Martín
_926535
245 _aRedacción, análisis y ortigrafías
250 _a9 ed.
260 _aMadrid :
_bAguilar,
_c1974
300 _a348 p
650 _acastellano-redacción
_926536
650 _aortografía
942 _cBK
999 _c22057
_d22057